[Event "Wloclawek CC Classic 01st"]
[Site "Wloclawek"]
[Date "2011.??.??"]
[Round "1"]
[White "Lebiedzinski, Maciej"]
[Black "Topic, Stefan"]
[Result "1-0"]
[WhiteElo "1800"]
[BlackElo "1600"]
[PlyCount "39"]
[EventDate "2011.01.??"]
[EventType "tourn"]
[EventRounds "11"]
[EventCountry "POL"]
[SourceTitle "EXT 2021"]
[Source "ChessBase"]
[SourceDate "2020.10.23"]
[SourceVersion "1"]
[SourceVersionDate "2020.10.23"]
[SourceQuality "1"]

1. e4 e5 2. Nf3 Nc6 3. Bc4 Nf6 4. Ng5 d5 5. exd5 Nxd5 6. Nxf7 Kxf7 7. Qf3+ Qf6 8. Bxd5+ Be6 9. 0-0 Nd4 10. Bxe6+ Kxe6 11. Qd3 Rd8 12. Qc4+ Kd6 13. Nc3 Qf5 14. Nb5+ Nxb5 15. Qxb5 Qxc2 16. Qxb7 Qc5 17. b4 Qd4 18. Rb1 Be7 19. b5 Qc5 20. Ba3 1-0

[Event "Wloclawek CC Classic 01st"]
[Site "Wloclawek"]
[Date "2011.??.??"]
[Round "8"]
[White "Topic, Stefan"]
[Black "Lewandowski, Bogdan"]
[Result "1-0"]
[WhiteElo "1600"]
[BlackElo "1400"]
[PlyCount "105"]
[EventDate "2011.01.??"]
[EventType "tourn"]
[EventRounds "11"]
[EventCountry "POL"]
[SourceTitle "EXT 2021"]
[Source "ChessBase"]
[SourceDate "2020.10.23"]
[SourceVersion "1"]
[SourceVersionDate "2020.10.23"]
[SourceQuality "1"]

1. e4 e5 2. Nf3 Nc6 3. Bb5 d6 4. d4 Bd7 5. dxe5 Qe7 6. Qd5 0-0-0 7. exd6 Qxd6 8. Qxd6 Bxd6 9. 0-0 Nb4 10. Bd3 Nxd3 11. cxd3 Bb5 12. Rd1 f6 13. Nc3 Ne7 14. Nxb5 a6 15. Nxd6+ Rxd6 16. Bf4 Rd7 17. Rac1 g5 18. Be3 h5 19. Nd4 h4 20. h3 g4 21. hxg4 h3 22. g3 h2+ 23. Kg2 Ng6 24. Nf3 Ne5 25. Nxe5 fxe5 26. Bg5 Rg8 27. Bf6 Rh7 28. g5 c6 29. Rh1 Rd7 30. Rcd1 c5 31. Kxh2 Rf8 32. Kg2 Rdf7 33. Rh8 Rxf6 34. Rxf8+ Rxf8 35. Rh1 Rg8 36. f4 exf4 37. gxf4 Rg7 38. Kf3 Kd7 39. Rh6 a5 40. g6 Kd6 41. Kg4 Ke6 42. Kg5 Rd7 43. g7+ Kf7 44. Rg6 Kg8 45. Kf5 Rxd3 46. e5 Rd4 47. Rb6 Rd7 48. Rb5 Rc7 49. Rxa5 Kxg7 50. Rb5 c4 51. e6 Kf8 52. Ke5 Ke7 53. Rd5 1-0

[Event "Wloclawek-ch"]
[Site "Wloclawek"]
[Date "2011.??.??"]
[Round "2"]
[White "Topic, Stefan"]
[Black "Wieckowska, Oliwia"]
[Result "1-0"]
[WhiteElo "1600"]
[BlackElo "1100"]
[PlyCount "27"]
[EventDate "2011.05.??"]
[EventType "swiss"]
[EventRounds "9"]
[EventCountry "POL"]
[SourceTitle "EXT 2021"]
[Source "ChessBase"]
[SourceDate "2020.10.23"]
[SourceVersion "1"]
[SourceVersionDate "2020.10.23"]
[SourceQuality "1"]

1. e4 e5 2. Nf3 Nc6 3. Bb5 Nb4 4. a3 Nd5 5. exd5 c6 6. dxc6 bxc6 7. Ba4 d6 8. Bxc6+ Bd7 9. Bxa8 Qxa8 10. 0-0 d5 11. Nxe5 Bd6 12. Qe2 Nf6 13. Ng6+ Be7 14. Qxe7# 1-0

[Event "Wloclawek Portofino Cup"]
[Site "Wloclawek"]
[Date "2009.09.26"]
[Round "5"]
[White "Szarfemberg, Pawel"]
[Black "Topic, Stefan"]
[Result "1-0"]
[WhiteElo "1400"]
[BlackElo "1600"]
[PlyCount "92"]
[EventDate "2009.09.24"]
[EventType "swiss"]
[EventRounds "9"]
[EventCountry "POL"]
[SourceTitle "EXT 2018"]
[Source "ChessBase"]
[SourceDate "2017.10.13"]
[SourceVersion "1"]
[SourceVersionDate "2017.10.13"]
[SourceQuality "1"]

1. e4 Nc6 2. f4 d6 3. Nf3 Bg4 4. h3 Bh5 5. g4 Bg6 6. f5 Bxf5 7. exf5 e5 8. fxe6 fxe6 9. Bb5 Qd7 10. Nd4 Nge7 11. Qf3 d5 12. Qe3 a6 13. Bxc6 Nxc6 14. Qxe6+ Qxe6+ 15. Nxe6 Kd7 16. Nxf8+ Rhxf8 17. d3 Rae8+ 18. Kd1 Rf2 19. Bd2 Nd4 20. Re1 Rxd2+ 21. Nxd2 Rxe1+ 22. Kxe1 Nxc2+ 23. Kd1 Nxa1 24. Kc1 c5 25. Kb1 b5 26. Kxa1 c4 27. d4 b4 28. b3 Kd6 29. Nf3 h6 30. h4 a5 31. Ne5 Ke6 32. Nc6 g5 33. h5 a4 34. Nxb4 axb3 35. axb3 Kd6 36. Kb2 cxb3 37. Kxb3 Ke6 38. Ka4 Kd6 39. Kb5 Kd7 40. Kc5 Kc7 41. Kxd5 Kd7 42. Ke5 Ke7 43. d5 Kd7 44. d6 Ke8 45. Ke6 Kd8 46. d7 Kc7 1-0

[Event "Wloclawek Portofino Cup"]
[Site "Wloclawek"]
[Date "2009.09.25"]
[Round "3"]
[White "Topic, Stefan"]
[Black "Konefal, Leszek"]
[Result "0-1"]
[WhiteElo "1600"]
[BlackElo "1400"]
[PlyCount "64"]
[EventDate "2009.09.24"]
[EventType "swiss"]
[EventRounds "9"]
[EventCountry "POL"]
[SourceTitle "EXT 2018"]
[Source "ChessBase"]
[SourceDate "2017.10.13"]
[SourceVersion "1"]
[SourceVersionDate "2017.10.13"]
[SourceQuality "1"]

1. Nf3 c5 2. g3 b6 3. Bg2 Bb7 4. 0-0 g6 5. Nc3 Bg7 6. e3 Bxc3 7. bxc3 Nf6 8. d4 0-0 9. Re1 d6 10. c4 Nbd7 11. d5 Ba6 12. Nd2 Ne5 13. Qe2 Qd7 14. Bb2 Qf5 15. Bxe5 Qxe5 16. f4 Qc3 17. Rec1 Ng4 18. Qxg4 Qxe3+ 19. Kh1 Qxd2 20. f5 Qc3 21. fxg6 hxg6 22. Qd7 Rfe8 23. Re1 Bxc4 24. Qa4 b5 25. Qa6 Qxc2 26. Be4 Qc3 27. Rac1 Qe5 28. Bxg6 Bxd5+ 29. Kg1 Qd4+ 30. Kf1 fxg6 31. Qxb5 Rf8+ 32. Ke2 Rf2# 0-1

[Event "Wloclawek Portofino Cup"]
[Site "Wloclawek"]
[Date "2009.09.24"]
[Round "2"]
[White "Grochowalski, Pawel"]
[Black "Topic, Stefan"]
[Result "1-0"]
[WhiteElo "2062"]
[BlackElo "1600"]
[PlyCount "65"]
[EventDate "2009.09.24"]
[EventType "swiss"]
[EventRounds "9"]
[EventCountry "POL"]
[SourceTitle "EXT 2018"]
[Source "ChessBase"]
[SourceDate "2017.10.13"]
[SourceVersion "1"]
[SourceVersionDate "2017.10.13"]
[SourceQuality "1"]

1. d4 Nf6 2. Nf3 g6 3. g3 Bg7 4. Bg2 0-0 5. 0-0 d5 6. c4 Nc6 7. Nc3 dxc4 8. e3 Bg4 9. Qa4 Nd5 10. Nxd5 Qxd5 11. Ne5 Qa5 12. Qxa5 Nxa5 13. Nxg4 f5 14. Bd2 fxg4 15. Bxa5 c5 16. Bxb7 Rab8 17. Bd5+ Kh8 18. Bc3 cxd4 19. exd4 Rbd8 20. Bxc4 Bxd4 21. Bxd4+ Rxd4 22. b3 h5 23. Rad1 Rxd1 24. Rxd1 Ra8 25. Rd7 e5 26. Re7 a5 27. Rxe5 a4 28. Re6 axb3 29. axb3 Ra1+ 30. Kg2 Kg7 31. Bd3 Rd1 32. Bxg6 Kf8 33. Bxh5 1-0